000 06639namaa22004451i 4500
003 EG-GICUC
005 20260426202659.0
008 260426s2025 ua a|||frm|m| 000 0 eng d
040 _aEG-GICUC
_beng
_cEG-GICUC
_dEG-GICUC
_erda
041 0 _aeng
_beng
_bara
049 _aDeposit
082 0 4 _a610.28
092 _a610.28
_221
097 _aM.Sc
099 _aCai01.24.04.M.Sc.2025.Am.E
100 0 _aAmira Mahmoud Hussien Farghal,
_epreparation.
245 1 0 _aEvaluation of Icon® resin infiltration and CPP- ACP alone or with Er: YAG laser (2940nm) on surface morphology and hardness of enamel white spot lesions :
_bin vitro study /
_cby Amira Mahmoud Hussien Farghal ; Supervisors Prof. Dr. Mostafa Essam Gheith, Dr. Sara Mahmoud Abdel Aal Ahmed, Dr. Maryam Mohamed Ibrahim Elmansy.
246 1 5 _aتقييم تخلل راتنج الايقون ومادة الكازين فوسفو ببتيد فوسفات الكالسيوم غير المتبلورة منفصلين او مع استخدام ليزر الاربيوم ايتريوم الومنيوم العقيق 2940 نانومتر على التشكل السطحى وصلابة مينا الاسنان المصابة بالبقع البيضاء :
_bدراسة معملية
264 0 _c2025.
300 _a133 pages :
_billustrations ;
_c25 cm. +
_eCD.
336 _atext
_2rda content
337 _aUnmediated
_2rdamedia
338 _avolume
_2rdacarrier
502 _a Thesis (M.Sc)-Cairo University, 2025.
504 _aBibliography: pages 112-133.
520 3 _aPurpose White spot lesions (WSLs) are popular downsides of orthodontic treatment that could negatively impact oral health and aesthetics. This study aimed to estimate the efficiency of various treatment modalities in enhancing enamel remineralization and improving the surface characteristics of WSLs. Methods Forty sound premolars were divided into five groups; Icon resin, Casein Phosphopeptide-Amorphous Calcium Phosphate (CPP-ACP), Er: YAG laser, Er: YAG & CPP-ACP and Er: YAG & Icon. Artificial WSLs were created by demineralizing agent before treatment. Scanning electron microscopy, energy-dispersive X-ray spectroscopy, microhardness testing and surface roughness analysis were investigated. Results The combination of Er: YAG laser with either Icon resin or CPP-ACP resulted in significantly improved surface morphology characterized by smoother and more homogeneous surfaces compared to individual treatments, while Er: YAG laser alone led to a rough surface. Er: YAG & CPP-ACP had the highest calcium and phosphorus content. The highest mean hardness value was in Er: YAG & CPP-ACP (273.44±0.805) while the lowest was in Er: YAG group (251.76±1.10) (P<0.05). The highest roughness value was recorded in Er: YAG (0.28881±0.00637), while the lowest was in Icon group (0.23068±0.00248) (P<0.05). Conclusion The synergistic effect of Er: YAG laser with either Icon resin or CPP-ACP offers a promising approach for the effective management of WSLs.
520 3 _aتُعد آفات البقع البيضاء من العيوب الشائعة في علاج تقويم الأسنان، وقد تؤثر سلبًا على صحة الفم والمظهر العام. هدفت هذه الدراسة إلى تقييم فعالية مختلف طرق العلاج في تعزيز إعادة تمعدن مينا الأسنان وتحسين خصائص سطح آفات البقع البيضاء. جُمعت أربعون ضاحكًا سليمًا. قُطع الجزء التاجي من كل سن طوليًا باتجاه وسطي-بعيد، ثم أُزيلت الجذور عند ملتقى الأسمنت والمينا. وُزّعت العينات عشوائيًا إلى خمس مجموعات: راتنج أيكون، فوسفات الكالسيوم غير المتبلور من فوسفات الكازين، ليزر إربيوم إيتريوم ألومنيوم جارنيت، فوسفات الكالسيوم غير المتبلور من فوسفات الكازين، فوسفات الكالسيوم غير المتبلور من فوسفات الإربيوم إيتريوم ألومنيوم جارنيت وأيكون. فُحصت جميع أسطح المينا عند خط الأساس، وبعد إزالة المعادن، وبعد المعالجة باستخدام المجهر الإلكتروني الماسح، ومطيافية الأشعة السينية المشتتة للطاقة، واختبار الصلابة الدقيقة، وتحليل خشونة السطح. قيّمت هذه الدراسة المختبرية فعالية مختلف طرق العلاج في تعزيز إعادة تمعدن مينا الأسنان وتحسين خصائص سطح آفات البقع البيضاء. وقد أظهر الجمع بين ليزر إربيوم إيتريوم ألومنيوم غارنيت مع راتنج أيكون أو فوسفات الكالسيوم غير المتبلور بفوسفات الكازين الفوسفوبيبتيد نتائج متفوقة في مورفولوجيا السطح، ومحتوى المعادن، والخصائص الميكانيكية مقارنةً بالعلاجات الفردية. وبينما تُبرز هذه النتائج إمكانات العلاجات المُركّبة في إدارة آفات البقع البيضاء، إلا أنها تقتصر على ظروف مختبرية مُراقبة. ويُعدّ إجراء المزيد من الدراسات الحيوية ضروريًا لتأكيد قابلية التطبيق السريري وتعميم هذه الأساليب الواعدة لتحسين الخصائص الجمالية والوظيفية لآفات البقع البيضاء.
530 _aIssues also as CD.
546 _aText in English and abstract in Arabic & English.
650 0 _a‪Lasers in dentistry
650 0 _aالليزر في طب الأسنان
653 1 _aCPP-ACP
_aEr:YAG
_aIcon
_aWhite spot lesions
_aآفات البقع البيضاء
_aليزر إربيوم إيتريوم ألومنيوم غارنيت
700 0 _aMostafa Essam Gheith
_ethesis advisor.
700 0 _aSara Mahmoud Abdel Aal Ahmed
_ethesis advisor.
700 0 _aMaryam Mohamed Ibrahim Elmansy
_ethesis advisor.
900 _b01-01-2025
_cMostafa Essam Gheith
_cSara Mahmoud Abdel Aal Ahmed
_cMaryam Mohamed Ibrahim Elmansy
_UCairo University
_FNational Institute of Laser Enhanced Sciences
_DDepartment of Medical Applications of laser Specialty: Laser Applications in oral and Dental Medicine.
905 _aShimaa
942 _2ddc
_cTH
_e21
_n0
999 _c179747